00649nam a2200193Ia 4500008004100000020001800041082001500059100002000074245007700094250000800171260004200179300002300221500001900244600001500263650001500278942000700293952013800300999001700438240925s9999 xx 000 0 und d a9789332578050 a658.83 BEN aBendle, Neil T. 0aMarketing Metrics: the managers guide to measuring marketing performance a3rd aNew Delhi:bPearson Educationc,2016. a766p.b0fOriginal aIncludes Index aManagement aManagement cBK 001040708MANaUITUbUITUd2019-01-12eBook World Internationalg748.80l0o658.83 BENpQ13448r2024-09-25 07:16:51w2024-09-25yBK c15947d15947